000 01557cam a22004214i 4500
003 PE-LiUPU
005 20250731173249.0
008 150625s r 000 0 d
035 _a(Sirsi) a35528
040 _aPE-LiUPU
_bspa
_cPE-LiUPU
_erda
082 0 4 _a231.421
_bS62
_221
100 1 _aSnaith, Norman Henry,
_d1898- ,
_eautor.
245 1 4 _aThe distinctive ideas of the Old Testament /
_cby Norman H. Snaith.
264 1 _aLondon :
_bThe Camelot,
_c1957.
300 _a193 p. ;
_c22 cm.
336 _atext
_2rdacontent
337 _aunmediated
_2rdamedia
338 _avolume
_2rdacarrier
505 0 _aWhy "Distinctive"?.- The Holiness of God.- The righteousness of God.- The salvation of God.- The covenant-Love of God.- The election -love of God.- The spirit of God.- The distinctive ideas of the old testament as they apper in the new testament.
526 _aSEG42
526 _aSEG41
526 _aSEG40
526 _aSEG39
526 _aP94
526 _aP87
526 _aP86
526 _aP85
526 _aP77
526 _aP76
526 _aP35
630 _aBiblia.
_pA.T.
_xTEOLOGIA.
910 _a
942 _2ddc
_cBOOK
949 _a231.421 S62
_wDEWEY
_c1
_i37253
_lCCODEBUL1
_mBUL
_p00.00
_r0
_sY
_tBOOK
_u2015-06-25
_xBIBLIOTECA
_zUNKNOWN
_0COMPRA
_o.STAFF. Colección General
596 _a1
999 _a231.421 S62
_wDEWEY
_c43502
_i37253
_f2021-11-11
_g5
_lCCODEBUL1
_mBUL
_r0
_sY
_tBOOK
_u2015-6-25
_xTEOLOGIA
_zUNKNOWN
_0COMPRA
_o.STAFF. Colección General
_d43502
980 _81
_gALBERTO SANCHEZ Responsable de Automatización